Mot mystérieux - Série 68 - Statistiques

Statistiques générales
  • Ce quiz a été pris 66 fois
  • Le résultat moyen est 5 sur 10
Statistiques - réponses
Indices Mot % Correct
froide-gel-cabine-écossaise douche
81%
oreille-frontal-temporal-occipital lobe
76%
cravate-trottoir-processeur-onde micro
76%
matière-carte-éminence-mine grise
64%
marin-air-électrique-artistique courant
58%
miniature-pantalon-drouot-trou golf
46%
chef-homme-fauteuil-chambre orchestre
42%
grain-sucre-Bretigny-Juvisy orge
41%
langue-poing-péliade-gabon vipère
36%
doigt-lac-empêchement-fait majeur
29%
Aucun quiz correspondant
Distribution des résultats
% des personnes avec chaque résultat
Percentile par nombre de réponses
Votre historique - résultats
Vous n’avez pas pris ce quiz